00291nam a2200121Ia 4500008004100000041000900041082001800050100002200068245002700090260003600117300000800153650000800161230718s9999 xx 000 0 und d aEng. a346.02bSHI-T aShieh, Syed Nacem 4aThe Contract Ace, 1872 aPakistanbPayyab Low bookc2012 a287 aLaw